000 00393nam a2200145Ia 4500
008 100122s9999 xx 000 0 und d
082 _b56487
_a822
100 _aपवार जयंत
245 _aअधांतर
260 _bपॉप्युलर प्रकाशन
_c1999
300 _a50
630 _aअधांतर
730 _aअधांतर
942 _cBOOK
999 _c432898
_d432895